000 00424nam a2200181Ia 4500
001 10962
005 20260306161911.0
008 260306t1993||||xx |||||||||||||| ||spa||
041 _aESP
082 _a985
_bB38 T. 6
100 _aBelaúnde, Víctor Andrés
_eAUT
245 0 _aLa síntesis viviente. Palabras de fe
260 _c1993
300 _a
_c
650 _aGEN
654 _aCHU
942 _cLIB
_dJUS
_fJUS
_2ddc
_n
999 _c10962
_d10962